[Event "Viljandi Raud Memorial 57th"]
[Site "Viljandi"]
[Date "2023.07.09"]
[Round "9"]
[White "Raag, Ardi"]
[Black "Nazarova, Anastasia"]
[Result "0-1"]
[WhiteElo "2077"]
[BlackElo "2224"]
[PlyCount "56"]
[EventDate "2023.07.02"]
[EventType "swiss"]
[EventRounds "9"]
[EventCountry "EST"]
[SourceTitle "CBM 215 Extra"]
[Source "ChessBase"]
[SourceDate "2023.09.30"]
[SourceVersion "1"]
[SourceVersionDate "2023.09.30"]
[SourceQuality "1"]

1. e4 c5 2. c3 d5 3. exd5 Qxd5 4. d4 Nc6 5. Nf3 Nf6 6. Be2 Bf5 7. c4 Qd6 8. d5 Nb4 9. 0-0 Nc2 10. Nh4 Bg6 11. g3 Nxa1 12. Nxg6 hxg6 13. Nc3 Qd7 14. h4 e6 15. Bg5 Be7 16. Qxa1 exd5 17. Bxf6 Bxf6 18. Nxd5 Bd4 19. Kg2 0-0 20. Qd1 Rfe8 21. Bd3 Re5 22. b3 Rae8 23. Qf3 Re1 24. Rxe1 Rxe1 25. h5 gxh5 26. Qxh5 g6 27. Qh4 Kg7 28. Nf4 Qc6+ 0-1

[Event "Viljandi Raud Memorial 57th"]
[Site "Viljandi"]
[Date "2023.07.07"]
[Round "7"]
[White "Vingris, Mikelis"]
[Black "Nazarova, Anastasia"]
[Result "1/2-1/2"]
[WhiteElo "2122"]
[BlackElo "2224"]
[PlyCount "129"]
[EventDate "2023.07.02"]
[EventType "swiss"]
[EventRounds "9"]
[EventCountry "EST"]
[SourceTitle "CBM 215 Extra"]
[Source "ChessBase"]
[SourceDate "2023.09.30"]
[SourceVersion "1"]
[SourceVersionDate "2023.09.30"]
[SourceQuality "1"]

1. e4 e5 2. Nf3 Nc6 3. Bb5 a6 4. Ba4 Nf6 5. d3 b5 6. Bb3 Be7 7. 0-0 0-0 8. c3 d6 9. Nbd2 Na5 10. Bc2 c5 11. Re1 Re8 12. Nf1 Bf8 13. Bg5 h6 14. Be3 d5 15. exd5 Qxd5 16. Ng3 Bg4 17. Ne4 Nxe4 18. dxe4 Qb7 19. b3 Rad8 20. Qb1 Bxf3 21. gxf3 Rd6 22. Kf1 Rf6 23. Ke2 Qd7 24. Rg1 Nc6 25. Qb2 Qc8 26. Rad1 Ne7 27. Rg4 Ng6 28. Rd5 h5 29. Rg3 Nf4+ 30. Bxf4 Rxf4 31. h3 Be7 32. Rxe5 Bh4 33. Rxh5 Bxg3 34. fxg3 Rf6 35. Qc1 g6 36. Rh4 Kf8 37. Qg5 Qc6 38. Kf2 c4 39. b4 Ree6 40. Bd1 Qb6+ 41. Kg2 Qd6 42. Be2 Qe5 43. Rh8+ Ke7 44. Qe3 Rd6 45. Qa7+ Rd7 46. Qa8 Re6 47. Qf8+ Kf6 48. Rh7 Re8 49. Qh6 Ke7 50. Qxg6 Qf6 51. Qh5 Rg8 52. Kf2 Qb6+ 53. Kf1 Kf8 54. Qf5 Qd6 55. f4 Rxg3 56. Rh8+ Rg8 57. e5 Qc6 58. Rxg8+ Kxg8 59. Qg4+ Kf8 60. Bf3 Qe6 61. Qh4 Qg6 62. Qh8+ Ke7 63. Qh4+ Kf8 64. Qh8+ Ke7 65. Qh4+ 1/2-1/2

[Event "Viljandi Raud Memorial 57th"]
[Site "Viljandi"]
[Date "2023.07.03"]
[Round "2"]
[White "Nazarova, Anastasia"]
[Black "Kulaots, Kaido"]
[Result "0-1"]
[WhiteElo "2224"]
[BlackElo "2505"]
[PlyCount "76"]
[EventDate "2023.07.02"]
[EventType "swiss"]
[EventRounds "9"]
[EventCountry "EST"]
[SourceTitle "CBM 215 Extra"]
[Source "ChessBase"]
[SourceDate "2023.09.30"]
[SourceVersion "1"]
[SourceVersionDate "2023.09.30"]
[SourceQuality "1"]

1. e4 c5 2. Nf3 e6 3. d4 cxd4 4. Nxd4 Nc6 5. Nc3 a6 6. Nxc6 bxc6 7. Bd3 d5 8. 0-0 Nf6 9. Qf3 Be7 10. Qg3 0-0 11. Bh6 Ne8 12. Bf4 f6 13. e5 f5 14. Rad1 Kh8 15. Ne2 Rb8 16. Bc1 c5 17. c3 a5 18. b3 Nc7 19. Kh1 Bb7 20. Ba3 Qe8 21. Bc2 g5 22. f3 Rg8 23. Qf2 Qf8 24. Qe1 Bc6 25. c4 Ra8 26. cxd5 Nxd5 27. Bc1 g4 28. Nc3 gxf3 29. gxf3 Qg7 30. Rf2 Nb4 31. Qe2 Nxc2 32. Qxc2 Rad8 33. Rdf1 Qg6 34. Be3 Rd3 35. Nd1 f4 36. Bxf4 Rxf3 37. Qxg6 Rxf2+ 38. Kg1 Rxf1+ 0-1

[Event "FIN-ch"]
[Site "Helsinki"]
[Date "2023.04.09"]
[Round "3"]
[White "Nazarova, Anastasia"]
[Black "Wartiovaara, Oliver"]
[Result "0-1"]
[WhiteElo "2249"]
[BlackElo "2264"]
[PlyCount "50"]
[EventDate "2023.04.07"]
[EventType "swiss"]
[EventRounds "9"]
[EventCountry "FIN"]
[SourceTitle "CBM 213 Extra"]
[Source "ChessBase"]
[SourceDate "2023.05.31"]
[SourceVersion "1"]
[SourceVersionDate "2023.05.31"]
[SourceQuality "1"]

1. d4 Nf6 2. c4 g6 3. f3 Bg7 4. e4 d6 5. Nc3 0-0 6. Be3 a6 7. Qd2 Nbd7 8. 0-0-0 b5 9. e5 Ne8 10. f4 b4 11. Ne4 Bb7 12. Ng5 c5 13. e6 fxe6 14. Nxe6 Qa5 15. Nxf8 Kxf8 16. Kb1 d5 17. dxc5 dxc4 18. Bxc4 Nxc5 19. Nf3 Be4+ 20. Ka1 Nd6 21. Bd5 Bxd5 22. Qxd5 b3 23. Qxa8+ Ne8 24. Qxe8+ Kxe8 25. Rd8+ Kxd8 0-1

[Event "FIN-chT 2223"]
[Site "Finland"]
[Date "2023.04.01"]
[Round "10.2"]
[White "Pohjala, Henri"]
[Black "Nazarova, Anastasia"]
[Result "1/2-1/2"]
[WhiteElo "2338"]
[BlackElo "2188"]
[PlyCount "65"]
[EventDate "2022.09.24"]
[EventType "team-tourn"]
[EventRounds "11"]
[EventCountry "FIN"]
[SourceTitle "EXT 2024"]
[Source "ChessBase"]
[SourceDate "2023.10.10"]
[SourceVersion "1"]
[SourceVersionDate "2023.10.10"]
[SourceQuality "1"]
[WhiteTeam "Vammala SK"]
[BlackTeam "Espoo MatSK"]
[WhiteTeamCountry "FIN"]
[BlackTeamCountry "FIN"]

1. d4 d5 2. Nf3 Nf6 3. e3 c5 4. dxc5 Nc6 5. Bb5 Qa5+ 6. Nc3 e6 7. Qd4 Nd7 8. Bxc6 bxc6 9. b4 Qc7 10. Rb1 Be7 11. 0-0 Bf6 12. Qd2 Rb8 13. Bb2 0-0 14. Ba1 Rd8 15. Ne2 e5 16. c4 dxc4 17. Qc2 Ba6 18. Nd2 c3 19. Ne4 Nf8 20. Rfd1 Rxd1+ 21. Rxd1 Bxe2 22. Qxe2 Rxb4 23. f3 Qb8 24. Bxc3 Rb1 25. Qd3 Rxd1+ 26. Qxd1 Be7 27. Qa4 Qc7 28. Qc4 Nd7 29. Bb4 Nf6 30. Nxf6+ Bxf6 31. Kf2 Kf8 32. Ke2 h6 33. e4 1/2-1/2

[Event "FIN-chT 2223"]
[Site "Finland"]
[Date "2023.01.15"]
[Round "8.4"]
[White "Nyysti, Sampsa"]
[Black "Nazarova, Anastasia"]
[Result "1/2-1/2"]
[WhiteElo "2363"]
[BlackElo "2188"]
[PlyCount "86"]
[EventDate "2022.09.24"]
[EventType "team-tourn"]
[EventRounds "11"]
[EventCountry "FIN"]
[SourceTitle "EXT 2024"]
[Source "ChessBase"]
[SourceDate "2023.10.10"]
[SourceVersion "1"]
[SourceVersionDate "2023.10.10"]
[SourceQuality "1"]
[WhiteTeam "Helsinki Ninja"]
[BlackTeam "Espoo MatSK"]
[WhiteTeamCountry "FIN"]
[BlackTeamCountry "FIN"]

1. e4 e5 2. Nf3 Nc6 3. Bb5 a6 4. Bxc6 dxc6 5. 0-0 Bd6 6. d4 exd4 7. Qxd4 f6 8. Be3 Ne7 9. Nbd2 Be6 10. Qc3 0-0 11. Nc4 Bxc4 12. Qxc4+ Kh8 13. Nd4 Qc8 14. f4 b5 15. Qe2 c5 16. Nb3 c4 17. Nc5 Re8 18. Qf3 Ng6 19. g3 Bxc5 20. Bxc5 Qb7 21. Rae1 Qc6 22. Bd4 Rad8 23. c3 Nf8 24. e5 Qxf3 25. Rxf3 f5 26. Rff1 Ne6 27. Be3 Kg8 28. Kf2 Kf7 29. Ke2 g6 30. h3 h5 31. Rg1 Rd5 32. Rd1 Rxd1 33. Rxd1 Rd8 34. Rxd8 Nxd8 35. Kf3 Ne6 36. g4 hxg4+ 37. hxg4 fxg4+ 38. Kxg4 Ke7 39. f5 gxf5+ 40. Kxf5 c6 41. Bf2 a5 42. Bb6 a4 43. Bg1 Kf7 1/2-1/2

[Event "EU-ch Rapid"]
[Site "Katowice"]
[Date "2022.12.18"]
[Round "9"]
[White "Vega Gutierrez, Sabrina Neide"]
[Black "Nazarova, Anastasia"]
[Result "1-0"]
[WhiteElo "2361"]
[BlackElo "2196"]
[PlyCount "49"]
[EventDate "2022.12.17"]
[EventType "swiss (rapid)"]
[EventRounds "11"]
[EventCountry "POL"]
[SourceTitle "CBM 211 Extra"]
[Source "ChessBase"]
[SourceDate "2023.01.31"]
[SourceVersion "1"]
[SourceVersionDate "2023.01.31"]
[SourceQuality "1"]

1. e4 e5 2. Nf3 Nc6 3. Nc3 Nf6 4. g3 d5 5. exd5 Nxd5 6. Bg2 Be6 7. 0-0 Nxc3 8. bxc3 Bc5 9. Qe2 Qf6 10. Qb5 Bd6 11. Qxb7 Kd7 12. Ng5 Qxg5 13. Qxc6+ Ke7 14. d4 Qh5 15. dxe5 Qxe5 16. Bf4 Qa5 17. Bxd6+ cxd6 18. Rab1 Rab8 19. Rfd1 Qc5 20. Rb7+ Rxb7 21. Qxb7+ Kf6 22. Qf3+ Ke7 23. Rb1 Rc8 24. Qe4 h6 25. Bh3 1-0

[Event "EU-ch Blitz"]
[Site "Katowice"]
[Date "2022.12.16"]
[Round "3"]
[White "Piorun, Kacper"]
[Black "Nazarova, Anastasia"]
[Result "1-0"]
[WhiteElo "2611"]
[BlackElo "2196"]
[PlyCount "71"]
[EventDate "2022.12.16"]
[EventType "swiss (blitz)"]
[EventRounds "22"]
[EventCountry "POL"]
[SourceTitle "CBM 211 Extra"]
[Source "ChessBase"]
[SourceDate "2023.01.31"]
[SourceVersion "1"]
[SourceVersionDate "2023.01.31"]
[SourceQuality "1"]

1. d4 d5 2. Bg5 Nf6 3. e3 e6 4. Bd3 Be7 5. Nd2 Nbd7 6. f4 b6 7. Ngf3 Bb7 8. Qe2 Ne4 9. Bxe7 Qxe7 10. 0-0 0-0 11. c4 c5 12. cxd5 exd5 13. Ne5 Rfd8 14. Rad1 Rac8 15. Bb5 Nf8 16. Nxe4 dxe4 17. dxc5 Rxc5 18. b4 Rcc8 19. Bc4 Ne6 20. Bb3 g6 21. f5 gxf5 22. Rxf5 Rxd1+ 23. Qxd1 f6 24. Qd7 Rc1+ 25. Kf2 Kf8 26. Bxe6 Rc2+ 27. Kg3 Qxd7 28. Bxd7 Ke7 29. Ba4 Rxa2 30. Bb5 fxe5 31. Rxe5+ Kd6 32. Rh5 Ra3 33. Kf4 Ba6 34. Rh6+ Ke7 35. Rxh7+ Kf6 36. Rxa7 1-0

[Event "FIN-chT 2223"]
[Site "Finland"]
[Date "2022.11.05"]
[Round "5.5"]
[White "Kahri, Antti"]
[Black "Nazarova, Anastasia"]
[Result "0-1"]
[WhiteElo "2126"]
[BlackElo "2188"]
[PlyCount "122"]
[EventDate "2022.09.24"]
[EventType "team-tourn"]
[EventRounds "11"]
[EventCountry "FIN"]
[SourceTitle "EXT 2024"]
[Source "ChessBase"]
[SourceDate "2023.10.10"]
[SourceVersion "1"]
[SourceVersionDate "2023.10.10"]
[SourceQuality "1"]
[WhiteTeam "Gambiitti"]
[BlackTeam "Espoo MatSK"]
[WhiteTeamCountry "FIN"]
[BlackTeamCountry "FIN"]

1. e4 e5 2. Nf3 Nc6 3. Bc4 Bc5 4. 0-0 Nf6 5. d3 d6 6. Be3 0-0 7. Bxc5 dxc5 8. Nbd2 Qe7 9. Re1 Nh5 10. Nf1 Nf4 11. Ne3 Qd6 12. a3 Be6 13. g3 Ng6 14. Bxe6 Qxe6 15. Ng5 Qf6 16. Qh5 h6 17. Nf3 Nd4 18. Nd2 Qg5 19. Qxg5 hxg5 20. b4 cxb4 21. axb4 a6 22. Kg2 Rad8 23. Ndc4 c6 24. Ra5 f6 25. Nb6 Rf7 26. Ra2 Nf8 27. Na4 Nfe6 28. Nc5 g6 29. Ng4 Kg7 30. f3 Re7 31. Kf2 Nb5 32. Nxe6+ Rxe6 33. Rh1 Rd4 34. Rb2 Re8 35. Ke3 Rd7 36. c4 Nd4 37. h4 f5 38. Nh2 gxh4 39. gxh4 Rh8 40. Nf1 f4+ 41. Kf2 Ne6 42. Ke2 Rhd8 43. b5 axb5 44. cxb5 Nd4+ 45. Kf2 Nxb5 46. Nd2 Rxd3 47. Nc4 Kf6 48. h5 Rh8 49. h6 Rh7 50. Na5 Kg5 51. Nc4 Kf6 52. Na5 Rdd7 53. Nb3 g5 54. Nc5 Rd8 55. Rh5 Kg6 56. Rxg5+ Kxg5 57. Ne6+ Kxh6 58. Nxd8 Kg6 59. Kg2 Kf6 60. Ra2 Rd7 61. Ra8 Ke7 0-1

[Event "Icelandic (Women) op"]
[Site "Reykjavik"]
[Date "2022.10.27"]
[Round "4"]
[White "Nazarova, Anastasia"]
[Black "Ayzenberg, Alena"]
[Result "1/2-1/2"]
[WhiteElo "2188"]
[BlackElo "2002"]
[PlyCount "120"]
[EventDate "2022.10.24"]
[EventType "swiss"]
[EventRounds "7"]
[EventCountry "ISL"]
[SourceTitle "EXT 2024"]
[Source "ChessBase"]
[SourceDate "2023.10.10"]
[SourceVersion "1"]
[SourceVersionDate "2023.10.10"]
[SourceQuality "1"]

1. e4 e6 2. d3 d5 3. Nd2 Nf6 4. g3 dxe4 5. dxe4 e5 6. Ngf3 Nc6 7. Bg2 Bc5 8. 0-0 0-0 9. Qe2 a5 10. a4 b6 11. c3 Ba6 12. Nc4 Qd7 13. Nh4 Qe6 14. b3 b5 15. axb5 Bxb5 16. Be3 Bxe3 17. Qxe3 a4 18. Qc5 Rab8 19. Rxa4 Bxa4 20. bxa4 Nd7 21. Qd5 Nb6 22. Nxb6 cxb6 23. Nf5 g6 24. Qxc6 gxf5 25. exf5 Qxc6 26. Bxc6 Rfc8 27. Bb5 Rxc3 28. Re1 Kg7 29. Rxe5 Kf6 30. Rd5 Rc5 31. Rd6+ Kxf5 32. Rh6 Rc3 33. Rxh7 Kg6 34. Rh4 Rd8 35. Rg4+ Kf5 36. Rf4+ Kg6 37. Kg2 f6 38. h4 Rd6 39. Be8+ Kh6 40. Rf5 Rcd3 41. Bb5 Rc3 42. g4 Kg7 43. h5 Kh6 44. f3 Rb3 45. Kg3 Rb4 46. Rf4 Rxf4 47. Kxf4 Rd5 48. Ke4 Rc5 49. Kd4 f5 50. Bc4 fxg4 51. fxg4 Kg5 52. Be6 Ra5 53. Bd7 Ra7 54. Bb5 Kxg4 55. Kd5 Rc7 56. Kd6 Rh7 57. Be8 Kg5 58. Kc6 Ra7 59. Kxb6 Rxa4 60. Bxa4 Kxh5 1/2-1/2

[Event "Icelandic (Women) op"]
[Site "Reykjavik"]
[Date "2022.10.25"]
[Round "2"]
[White "Nazarova, Anastasia"]
[Black "Ptacnikova, Lenka"]
[Result "0-1"]
[WhiteElo "2188"]
[BlackElo "2055"]
[PlyCount "90"]
[EventDate "2022.10.24"]
[EventType "swiss"]
[EventRounds "7"]
[EventCountry "ISL"]
[SourceTitle "EXT 2024"]
[Source "ChessBase"]
[SourceDate "2023.10.10"]
[SourceVersion "1"]
[SourceVersionDate "2023.10.10"]
[SourceQuality "1"]

1. e4 c5 2. Nf3 e6 3. d4 cxd4 4. Nxd4 Nc6 5. Nb5 d6 6. c4 Nf6 7. N1c3 a6 8. Na3 b6 9. Be2 Bb7 10. 0-0 Be7 11. f3 0-0 12. Nc2 Qc7 13. Ne3 Rad8 14. Kh1 Ne5 15. Qb3 Ned7 16. Rd1 h6 17. a3 g5 18. Bd2 Ne5 19. Rac1 Rb8 20. Qc2 Nh5 21. Be1 Nf4 22. Bf1 h5 23. Qf2 h4 24. g3 hxg3 25. hxg3 Nfg6 26. Kg1 f5 27. Ncd5 exd5 28. cxd5 Qd7 29. exf5 Nh8 30. Bc3 Bf6 31. Bg2 Qg7 32. Bb4 Nhf7 33. Qe2 Rbc8 34. Rxc8 Rxc8 35. Kf2 b5 36. b3 Bd8 37. f4 Nd7 38. Rh1 Bb6 39. Rh5 Re8 40. Bd2 Nf6 41. Rh3 Nh6 42. Kf1 Bxe3 43. Bxe3 Nhg4 44. fxg5 Nxe3+ 45. Kg1 Qxg5 0-1

[Event "RUS-chT Rapid (Women)"]
[Site "Sochi"]
[Date "2022.10.19"]
[Round "8.11"]
[White "Bivol, Alina"]
[Black "Nazarova, Anastasia"]
[Result "1-0"]
[WhiteElo "2364"]
[BlackElo "2188"]
[PlyCount "143"]
[EventDate "2022.10.18"]
[EventType "team-swiss (rapid)"]
[EventRounds "9"]
[EventCountry "RUS"]
[SourceTitle "CBM 210 Extra"]
[Source "ChessBase"]
[SourceDate "2022.11.30"]
[SourceVersion "1"]
[SourceVersionDate "2022.11.30"]
[SourceQuality "1"]
[WhiteTeam "Moscow ShSM (W)"]
[BlackTeam "St Petersburg SShOR (W) II"]
[WhiteTeamCountry "RUS"]
[BlackTeamCountry "RUS"]

1. e4 c5 2. Nf3 Nc6 3. Bb5 g6 4. 0-0 Bg7 5. Re1 e5 6. c3 Nge7 7. d4 cxd4 8. cxd4 Nxd4 9. Nxd4 exd4 10. e5 Nc6 11. Bf4 0-0 12. Nd2 f6 13. Bc4+ Kh8 14. exf6 Qxf6 15. Bg3 Qd8 16. Bd6 Rf5 17. g4 Re5 18. Bxe5 Nxe5 19. Bd5 d6 20. h3 Bd7 21. Ne4 Bc6 22. Bxc6 bxc6 23. f4 Nc4 24. Ng5 Qf6 25. Qf3 Ne3 26. Rac1 d5 27. Qg3 Rf8 28. Nf3 Qd6 29. Ne5 Bxe5 30. fxe5 Qe6 31. Rxe3 dxe3 32. Qxe3 Rf7 33. b4 Kg7 34. Kg2 Rb7 35. a3 Rd7 36. Qd4 Re7 37. Re1 h6 38. Re3 g5 39. Kg3 Rf7 40. Rf3 Rxf3+ 41. Kxf3 Kg6 42. Ke2 a6 43. Qe3 h5 44. Qd4 hxg4 45. hxg4 Qe8 46. Qd3+ Kg7 47. Qf5 Qg6 48. Qd7+ Kh6 49. Qd6 Kg7 50. Qe7+ Kg8 51. Kd2 Qh6 52. Kc3 Qh3+ 53. Kd4 Qxg4+ 54. Kc5 d4 55. Qe8+ Kg7 56. Qe7+ Kg8 57. Kxc6 d3 58. Qd8+ Kf7 59. Qxd3 Qc8+ 60. Kb6 Qb8+ 61. Kxa6 Qxe5 62. b5 g4 63. Qd7+ Kf8 64. Qxg4 Qd6+ 65. Kb7 Qxa3 66. Qf5+ Ke7 67. Qe5+ Kd7 68. Qd5+ Ke7 69. b6 Qa4 70. Qe5+ Kd7 71. Qc7+ Ke8 72. Qc6+ 1-0

[Event "RUS-chT Blitz (Women)"]
[Site "Sochi"]
[Date "2022.10.17"]
[Round "1.3"]
[White "Charochkina, Daria"]
[Black "Nazarova, Anastasia"]
[Result "1-0"]
[WhiteElo "2344"]
[BlackElo "2188"]
[PlyCount "105"]
[EventDate "2022.10.17"]
[EventType "team-swiss (blitz)"]
[EventRounds "11"]
[EventCountry "RUS"]
[SourceTitle "CBM 210 Extra"]
[Source "ChessBase"]
[SourceDate "2022.11.30"]
[SourceVersion "1"]
[SourceVersionDate "2022.11.30"]
[SourceQuality "1"]
[WhiteTeam "Cheliabinsk Yuzhnyy Ural (W)"]
[BlackTeam "St Petersburg SShOR (W) II"]
[WhiteTeamCountry "RUS"]
[BlackTeamCountry "RUS"]

1. d4 d5 2. c4 e6 3. Nc3 c6 4. a4 dxc4 5. e4 Bb4 6. Bxc4 h6 7. Nf3 Nf6 8. 0-0 Bxc3 9. bxc3 Nxe4 10. Ba3 Nd6 11. Bd3 0-0 12. Ne5 Re8 13. Qh5 Re7 14. Nc4 Nxc4 15. Bxe7 Qxe7 16. Bxc4 b6 17. Rfe1 Bb7 18. Re3 Nd7 19. Rg3 Kf8 20. Qg4 g6 21. Qf4 g5 22. Qe3 Nf6 23. h4 Nh7 24. hxg5 hxg5 25. Rh3 Kg7 26. Bd3 Rh8 27. Rh5 f6 28. Qe4 f5 29. Qe5+ Qf6 30. Qh2 Qg6 31. Re1 Re8 32. Qc7+ Kg8 33. Rh3 Qg7 34. Qd6 Nf8 35. Bxf5 Re7 36. Bb1 Rf7 37. Qh2 Qf6 38. Rf3 Qg7 39. Rxf7 Qxf7 40. Re5 Qf6 41. Qg3 Nd7 42. Rxg5+ Kf7 43. Rh5 Ke7 44. Rh7+ Kd8 45. Qd6 Bc8 46. Bg6 c5 47. Rf7 Qh8 48. Qe7+ Kc7 49. Qxe6 Qh6 50. f4 Qh4 51. Bf5 Qg3 52. Rxd7+ Bxd7 53. Qxd7+ 1-0

[Event "Olympiad Women-44"]
[Site "Chennai"]
[Date "2022.08.09"]
[Round "11.1"]
[White "Caxita, Esperanca"]
[Black "Nazarova, Anastasia"]
[Result "0-1"]
[WhiteElo "1955"]
[BlackElo "2208"]
[PlyCount "76"]
[EventDate "2022.07.29"]
[EventType "team-swiss"]
[EventRounds "11"]
[EventCountry "IND"]
[SourceTitle "CBM 210"]
[Source "ChessBase"]
[SourceDate "2022.10.31"]
[SourceVersion "1"]
[SourceVersionDate "2022.10.31"]
[SourceQuality "1"]
[WhiteTeam "Angola (W)"]
[BlackTeam "Finland (W)"]
[WhiteTeamCountry "ANG"]
[BlackTeamCountry "FIN"]

1. e4 c6 2. d4 d5 3. exd5 cxd5 4. Bd3 Nc6 5. c3 Nf6 6. Nf3 Bg4 7. Nbd2 e6 8. Nf1 Bd6 9. Bg5 h6 10. Bh4 g5 11. Bg3 Ne4 12. Ne3 Bh5 13. Qb3 Rb8 14. Bxe4 dxe4 15. Nd2 Bg6 16. Bxd6 Qxd6 17. Ndc4 Qd8 18. a4 0-0 19. 0-0-0 Na5 20. Nxa5 Qxa5 21. Nc4 Qd5 22. Qb5 Rfd8 23. Ne5 Bh7 24. h4 Qa2 25. Nd7 Rxd7 26. Qxd7 e3 27. fxe3 Qb1+ 28. Kd2 Qd3+ 29. Ke1 Qxe3+ 30. Kf1 Bd3+ 31. Rxd3 Qxd3+ 32. Kf2 Qd2+ 33. Kf3 g4+ 34. Kg3 Qe3+ 35. Kxg4 h5+ 36. Kxh5 Qg3 37. Qxf7+ Kxf7 38. Rf1+ Kg7 0-1

[Event "Olympiad Women-44"]
[Site "Chennai"]
[Date "2022.08.02"]
[Round "5.1"]
[White "Movsesian, Julia"]
[Black "Nazarova, Anastasia"]
[Result "1-0"]
[WhiteElo "2291"]
[BlackElo "2208"]
[PlyCount "87"]
[EventDate "2022.07.29"]
[EventType "team-swiss"]
[EventRounds "11"]
[EventCountry "IND"]
[SourceTitle "CBM 210"]
[Source "ChessBase"]
[SourceDate "2022.10.31"]
[SourceVersion "1"]
[SourceVersionDate "2022.10.31"]
[SourceQuality "1"]
[WhiteTeam "Czech Republic (W)"]
[BlackTeam "Finland (W)"]
[WhiteTeamCountry "CZE"]
[BlackTeamCountry "FIN"]

1. e4 e5 2. Nf3 Nc6 3. Bb5 a6 4. Ba4 d6 5. 0-0 Bd7 6. c3 g6 7. d4 Bg7 8. Re1 Nge7 9. Be3 0-0 10. Nbd2 Qe8 11. Bb3 h6 12. h3 Kh7 13. Nf1 Rd8 14. Ng3 Na5 15. Bc2 Nc4 16. Bc1 Bc8 17. Qe2 Nb6 18. Be3 Nd7 19. Rad1 Nc6 20. Nh2 Qe7 21. f4 Rfe8 22. Ng4 Nf6 23. f5 h5 24. Nxf6+ Qxf6 25. Rf1 Qe7 26. Nxh5 gxh5 27. Qxh5+ Kg8 28. Bb3 d5 29. exd5 Na5 30. f6 Bxf6 31. d6 Rxd6 32. Qg6+ Kh8 33. Bxf7 Bg5 34. Qh5+ Rh6 35. Qxg5 Qxg5 36. Bxg5 Rhe6 37. Bxe8 Rxe8 38. Bf6+ Kg8 39. Bxe5 Nc4 40. Rde1 c6 41. b3 Na3 42. Re3 Re6 43. Rg3+ Kh7 44. Rf8 1-0

[Event "Olympiad Women-44"]
[Site "Chennai"]
[Date "2022.08.01"]
[Round "4.1"]
[White "Nazarova, Anastasia"]
[Black "Zhang, Jasmine Haomo"]
[Result "1-0"]
[WhiteElo "2208"]
[BlackElo "1972"]
[PlyCount "67"]
[EventDate "2022.07.29"]
[EventType "team-swiss"]
[EventRounds "11"]
[EventCountry "IND"]
[SourceTitle "CBM 210"]
[Source "ChessBase"]
[SourceDate "2022.10.31"]
[SourceVersion "1"]
[SourceVersionDate "2022.10.31"]
[SourceQuality "1"]
[WhiteTeam "Finland (W)"]
[BlackTeam "New Zealand (W)"]
[WhiteTeamCountry "FIN"]
[BlackTeamCountry "NZL"]

1. e4 c5 2. Nf3 d6 3. d4 cxd4 4. Nxd4 Nf6 5. Nc3 a6 6. Be3 e6 7. f3 b5 8. Qd2 Nbd7 9. g4 h6 10. h4 b4 11. Nce2 d5 12. exd5 Nxd5 13. Bf2 Bb7 14. 0-0-0 Ne5 15. Nf4 Nxf4 16. Qxf4 Bd6 17. Qe3 Bd5 18. Nf5 0-0 19. Bg3 Nxg4 20. fxg4 Bxh1 21. Nxd6 Bd5 22. g5 hxg5 23. hxg5 Qa5 24. g6 fxg6 25. Bh3 Qxa2 26. Rxd5 exd5 27. Be6+ Kh7 28. Be1 Qa1+ 29. Kd2 g5 30. Qh3+ Kg6 31. Bf5+ Kf6 32. Qh7 Ke7 33. Qxg7+ Kxd6 34. Bg3+ 1-0

[Event "Olympiad Women-44"]
[Site "Chennai"]
[Date "2022.07.31"]
[Round "3.1"]
[White "Morales Santos, Natasha"]
[Black "Nazarova, Anastasia"]
[Result "0-1"]
[WhiteElo "1924"]
[BlackElo "2208"]
[PlyCount "58"]
[EventDate "2022.07.29"]
[EventType "team-swiss"]
[EventRounds "11"]
[EventCountry "IND"]
[SourceTitle "CBM 210"]
[Source "ChessBase"]
[SourceDate "2022.10.31"]
[SourceVersion "1"]
[SourceVersionDate "2022.10.31"]
[SourceQuality "1"]
[WhiteTeam "Puerto Rico (W)"]
[BlackTeam "Finland (W)"]
[WhiteTeamCountry "PUR"]
[BlackTeamCountry "FIN"]

1. d4 d5 2. c4 e6 3. Nc3 c6 4. cxd5 exd5 5. Bf4 Bd6 6. Bxd6 Qxd6 7. Qc2 Ne7 8. e3 Bf5 9. Bd3 Bxd3 10. Qxd3 0-0 11. Nf3 Nd7 12. 0-0 f5 13. a3 a5 14. Nd2 f4 15. Rae1 fxe3 16. Rxe3 Ng6 17. Rfe1 Nf4 18. Qc2 Nf6 19. h3 N6h5 20. Nf3 Qh6 21. Ne5 Qg5 22. Ng4 Qh4 23. Re7 Nxg2 24. Nh6+ Kh8 25. Nf7+ Rxf7 26. Rxf7 Nxe1 27. Qf5 Nf6 28. Re7 Ne4 29. Qf7 Nf3+ 0-1

[Event "FIN-chT 2022"]
[Site "Finland"]
[Date "2022.05.21"]
[Round "8.6"]
[White "Vihinen, Teemu"]
[Black "Nazarova, Anastasia"]
[Result "0-1"]
[WhiteElo "2135"]
[BlackElo "2157"]
[PlyCount "104"]
[EventDate "2020.09.12"]
[EventType "team-tourn"]
[EventRounds "11"]
[EventCountry "FIN"]
[SourceTitle "EXT 2023"]
[Source "ChessBase"]
[SourceDate "2022.10.05"]
[SourceVersion "1"]
[SourceVersionDate "2022.10.05"]
[SourceQuality "1"]
[WhiteTeam "Vantaa EtVaS"]
[BlackTeam "Espoo MatSK"]
[WhiteTeamCountry "FIN"]
[BlackTeamCountry "FIN"]

1. e4 e5 2. Nf3 Nc6 3. Bb5 a6 4. Ba4 d6 5. c3 Bd7 6. d4 Nge7 7. 0-0 g6 8. Bg5 Bg7 9. Qd2 0-0 10. d5 Nb8 11. Bxd7 Nxd7 12. c4 f5 13. Nc3 f4 14. b4 h6 15. Bxe7 Qxe7 16. Ne1 g5 17. f3 h5 18. Nd3 g4 19. Na4 Nf6 20. c5 Qe8 21. Qc2 Qg6 22. Kh1 Nh7 23. cxd6 cxd6 24. Nb6 Rae8 25. Rac1 Ng5 26. Qe2 h4 27. Nf2 g3 28. Ng4 h3 29. Rc2 hxg2+ 30. Kxg2 gxh2 31. Rh1 Qh5 32. Nxh2 Qh3+ 33. Kg1 Qg3+ 34. Kf1 Rf6 35. Rg1 Qh4 36. Rg4 Qh5 37. Qg2 Rg6 38. Ke2 Bf6 39. Rc1 Rg7 40. Rh1 Rf8 41. Nf1 Qe8 42. a4 Qd8 43. Nc4 Qc7 44. Nfd2 b5 45. axb5 axb5 46. Na5 Qc3 47. Rb1 Qc2 48. Qf1 Nxe4 49. Rxg7+ Kxg7 50. fxe4 f3+ 51. Qxf3 Bg5 52. Qd3 Rf2+ 0-1

[Event "FIN-ch (Women)"]
[Site "Helsinki"]
[Date "2022.04.22"]
[Round "8"]
[White "Nazarova, Anastasia"]
[Black "Lehtinen, Helja"]
[Result "1-0"]
[WhiteElo "2137"]
[BlackElo "1909"]
[PlyCount "61"]
[EventDate "2022.04.15"]
[EventType "tourn"]
[EventRounds "9"]
[EventCountry "FIN"]
[SourceTitle "CBM 208 Extra"]
[Source "ChessBase"]
[SourceDate "2022.07.31"]
[SourceVersion "1"]
[SourceVersionDate "2022.07.31"]
[SourceQuality "1"]

1. d4 Nf6 2. c4 g6 3. Nc3 Bg7 4. e4 d6 5. f3 0-0 6. Be3 e5 7. d5 c6 8. Qd2 Ne8 9. g4 Na6 10. 0-0-0 c5 11. Bd3 Rb8 12. h4 Nb4 13. Bb1 f5 14. exf5 gxf5 15. a3 Na6 16. h5 fxg4 17. fxg4 Bxg4 18. Nge2 Kh8 19. h6 Bf6 20. Rhg1 Rg8 21. Qd3 Qd7 22. Rdf1 Bh4 23. Ne4 Qe7 24. N2g3 Rd8 25. Nf5 Bxf5 26. Rxf5 Rxg1+ 27. Bxg1 Rd7 28. Qf1 Kg8 29. Be3 Nec7 30. Qg2+ Kh8 31. Qf3 1-0